01566 a2200241 45000010006000000050017000060080041000230030015000640400040000790800107001192450109002260200022003352640034003573000019003915050698004100410008011089420007011165900036011231000017011597000027011769990015012039520106012186255120260407155918.0260407a1998 arg spa dAR-UNSa-BCEJYS aAR-UNSa-BCEJYSbspacAR-UNSa-BCEJYS a35.08xPersonal administrativo. Funcionarios. plantilla. función pública. Teoría, organización10aLa hora de la transparencia en América LatinapEl manual de anticorrupción en la función pública a978-950-641-251-7 1aBuenos Aires :bGranicac1998 a223 p.c22 cm. a1. Visión contemporánea de la corrupción - 2. Elementos que contribuyen al desarrollo de la corrupción – 3. Los sistemas nacionales de integridad – 4. Reformas administrativas – 5. Derecho administrativo – 6. El defensor del pueblo – 7. El sistema judicial – 8. La Contraloría General (Entidades Superiores de Fiscalización – ESF) – 9. Oficinas independientes contra la corrupción – 10. Licitaciones y contratos: Los negocios entre el sector público y el privado – 11. El sector de las empresas privadas – 12. El proceso democrático – 13. La sociedad civil – 14. Corrupción y medios de comunicación – 15. Actores y mecanismos internacionales. aspa cBK aniveau_biblio:m niveau_hierar:01 aLozano, Juan1 aMerino Dinari, Valeria c7694d7694 00104070aBCEJYSbBCEJYSc16d2026-04-07l0o35.08 L925pL86703r2026-04-07 15:59:18w2026-04-07yL